000 00415nam a2200181Ia 4500
001 10894
005 20260306161906.0
008 260306t1939||||xx |||||||||||||| ||spa||
041 _aESP
082 _a980
_bV77
100 _aVivante, Armando
_eAUT
245 0 _aLibro de las Atlantidas
260 _c1939
300 _a406 páginas :
_c20 cm.
650 _aGEN
654 _aCHU
942 _cLIB
_dJUS
_fJUS
_2ddc
_n
999 _c10894
_d10894